| 000 | 00453nam a2200157 i 4500 | ||
|---|---|---|---|
| 001 | 74249 | ||
| 003 | ES-MaACL | ||
| 005 | 20230906172050.0 | ||
| 007 | t| | ||
| 008 | 040916s1958 sp ||||1| spa d | ||
| 100 | 1 |
_aGonzález Paracuellos, J. _958859 |
|
| 245 | 1 | 0 |
_aPor las salas de la Audiencia / _cJ. González Paracuellos. |
| 260 |
_aValencia : _b[s.n., _c1958] ( _fVives Mora) |
||
| 300 |
_a222 p. ; _c21 cm. |
||
| 852 |
_aES-MaACL _jC-15487 _bR.43267 |
||
| 999 |
_c74249 _d74249 |
||